00541nam a2200145Ia 4500008004100000082002000041100004200061245005900103260003700162300000800199520003500207620003500242630005900277730005900336100122s9999 xx 000 0 und d b22787a294.5922 aपारखे बाबुराव aरामयशोगाथा (क. क्र. 24/2 ) bज.आ.मोंडकरc1975 a701 aरामयशोगाथा aरामयशोगाथा aरामयशोगाथा (क. क्र. 24/2 ) aरामयशोगाथा (क. क्र. 24/2 )